000 00969nam a2200253Ia 4500
001 114493
003 DR-UNIBE
005 20260409062750.0
008 260320b2008 dr ||||| |||| 00| 0 spa d
020 _a9789945001242
040 _aBIBLIOTECA UNIBE
_cBIBLIOTECA UNIBE
_bspa
041 _aspa
082 0 _aRD 972.93054 G376ju 2008
100 1 0 _aGerón, Cándido
_q(Araújo Gerón, Cándido),
_d1950-
_eautor
_9203560
245 1 0 _aJuan Bosch :
_bexilio, el golpe de Estado de 1963 y la revolución de abril de 1965 /
_cCándido Gerón
260 4 _aSanto Domingo :
_b[Editor no identificado],
_c2008
300 _a431 páginas :
_bilustraciones, fotos (blanco y negro) ;
_c27 cm
505 4 _aHistoria
600 1 0 _a
_xCorrespondencias, memorias, etc.
_932
651 7 _aRepública Dominicana
_xHistoria
_2lemb
_yRevolución de abril 1965
_9194601
651 7 _aRepública Dominicana
_xPolítica y gobierno
_2lemb
942 _cBK
_2ddc
951 _a20070710 14:43:15
999 _c114493
_d114493